Busca en el cuerpo humano / (Registro nro. 29790)
[ vista simple ]
| 000 -LEADER | |
|---|---|
| fixed length control field | 00922nam a22002057a 4500 |
| 003 - CONTROL NUMBER IDENTIFIER | |
| control field | OSt |
| 005 - DATE AND TIME OF LATEST TRANSACTION | |
| control field | 20221213115022.0 |
| 008 - FIXED-LENGTH DATA ELEMENTS--GENERAL INFORMATION | |
| fixed length control field | 221213t2007 ck a|||br|||| 00| 0 spa d |
| 020 ## - INTERNATIONAL STANDARD BOOK NUMBER | |
| International Standard Book Number | 9789583024931 |
| 040 ## - CATALOGING SOURCE | |
| Original cataloging agency | CO-JMCR |
| Transcribing agency | CO-JMCR |
| 041 0# - LANGUAGE CODE | |
| Language code of text/sound track or separate title | spa |
| 082 04 - DEWEY DECIMAL CLASSIFICATION NUMBER | |
| Edition number | 23 |
| Classification number | 611 / |
| Item number | A774b |
| 100 1# - MAIN ENTRY--PERSONAL NAME | |
| Personal name | Arredondo, Francisco, |
| Relator term | ilustrador |
| 9 (RLIN) | 42508 |
| 245 10 - TITLE STATEMENT | |
| Title | Busca en el cuerpo humano / |
| Statement of responsibility, etc. | diseño e ilustraciones, Francisco Arredondo |
| 260 ## - PUBLICATION, DISTRIBUTION, ETC. | |
| Place of publication, distribution, etc. | Bogotá : |
| Name of publisher, distributor, etc. | Panamericana, |
| Date of publication, distribution, etc. | ©2007 |
| 300 ## - PHYSICAL DESCRIPTION | |
| Extent | 29 páginas : |
| Other physical details | ilustraciones a color ; |
| Dimensions | 29 cm |
| 505 0# - FORMATTED CONTENTS NOTE | |
| Formatted contents note | Un recorrido por el cuerpo -- la parte más frágil -- los cinco sentidos -- El corazón y la sangre -- El aparato respiratorio -- El aparato digestivo -- Los que mueven el cuerpo -- Nuestros huesos -- Los filtros del cuerpo -- La maravilla de la vida -- 9 meses increíbles -- Consejos para la salud |
| 650 14 - SUBJECT ADDED ENTRY--TOPICAL TERM | |
| Topical term or geographic name entry element | Anatomía humana |
| General subdivision | Niños |
| 9 (RLIN) | 42509 |
| 942 ## - ADDED ENTRY ELEMENTS (KOHA) | |
| Source of classification or shelving scheme | Dewey Decimal Classification |
| Koha item type | Books |
| Withdrawn status | Lost status | Source of classification or shelving scheme | Damaged status | Not for loan | Home library | Current library | Shelving location | Date acquired | Total Checkouts | Full call number | Barcode | Date last seen | Date last checked out | Copy number | Price effective from | Koha item type |
|---|---|---|---|---|---|---|---|---|---|---|---|---|---|---|---|---|
| Dewey Decimal Classification | Biblioteca Pública José María del Castillo y Rada | Biblioteca Pública José María del Castillo y Rada | Children's Area | 12/13/2022 | 5 | 611 / A774b | 201811554 | 02/20/2026 | 02/20/2026 | Ej.1 | 12/13/2022 | Books |